000 00847nam a2200241Ia 4500
003 OSt
005 20220926021849.0
006 a|||||r|||| 00| 0
007 ta
008 220923b |||||||| |||| 00| 0 eng d
037 _cGeneral Book
040 _aRTL
_cRTL
_beng
041 _2eng
_aeng
082 _aVIN45:938.8.N75, L5 /UN
110 _aUNITED NATIONS, HIGH COMMISSIONER FOR REFUGEES, GENERAL ASSEMBLY. OFFICIAL RECORDS: 13th SESSION
_9327016
245 0 _aAddendum to the report
260 _aNew York
_bUnited Nations
_c1975
300 _aiv, 42p
_ccm.
500 _aSupplement no. 12A A/10012/Add.1)
700 _aUNITED NATIONS, HIGH COMMISSIONER FOR REFUGEES, GENERAL ASSEMBLY. OFFICIAL RECORDS: 13th SESSION
_9327017
942 _hVIN45:938.8.N75, L5 /UN
_cGB
_2CC
999 _c637867
_d637867